1815 1461 1113 1841 1238 1422 1749 1260 1740 1988 1631 1548 1573 1274 1051 1887 1378 1657 1704 1233 1907 1652 1343 1910 1307 1440 1786 1745 1625 1847 1552 1543 1080 1421 1698 1727 1309 1258 1292 1736 1064 1536 1164 1208 1300 1466 1788 1782 1209 1652 1857 1510 1758 1819 1937 1649 1730 1852 1466 1684 1114 1617 1158 1770 1601 1273 1800 1624 1552 1607 1996 1490 1440 1620 1401 1671 1453 1418 1687 1979 1608 1746 1034 1966 1811 1075 1828 1533 1908 1172 1456 1824 1131 1521 1429 1106 1751 1445 1221 BCNSPRNW ULIB Ver.6.0+V

เปลี่ยนเป็นภาษาไทย

Change to English
 แสดงรายละเอียดบรรณานุกรม
  กลับหน้าหลัก

Brief Record : Get Marc (ISO 2709) : E-mail record : QR code < ปิดหน้าต่าง
LEADER : 00000nam 2200000uu 4500
001    13399125307
003     ULIB
008    170405s2559||||th 000 0 tha d
020    ^a9789744228048
060    ^aWB115 ว849ก
100    ^aวีระศักดิ์ ศรินนภากร สุรพันธ์ พงศ์สุธนะ และเฉลิมรัฐ บัญชรเทวกุล
245    ^aการให้คำปรึกษาทางอายุรศาสตร์ที่พบบ่อย Common Medical Consultation
250    ^aพิมพ์ครั้งที่ 1
260    ^aกรุงเทพฯ :^bกลุ่มงานอายุรศาสตร์ โรงพยาบาลราชวิถี สังกัดกรมการแพทย์ กระทรวงสาธารณสุข,^c2559
300    ^a384 หน้า^bภาพประกอบ, ตาราง
650    ^aอายุรศาสตร์^xการให้คำปรึกษา
945    ^p0^l0^i001878
945    ^p0^l0^i001879
945    ^p0^l0^i001880
945    ^p0^l0^i001881
945    ^p0^l0^i001882
945    ^p0^l0^i001883
999    ^aวรรณษา ชูชัยมงคล
รายการนี้ยังไม่มีแท็ก
คุณยังไม่ได้ล็อกอิน คุณสามารถมีกิจกรรมร่วมกับเว็บไซต์ได้ แต่ต้องล็อกอินก่อน ::
  ล็อกอิน

รายการสื่อสารสนเทศ

ลำดับที่ ประเภท เลขเรียก/บาร์โค้ด สถานที่ สถานะ
1. วิทยาศาสตร์การแพทย์ และสุขภาพ
วิทยาศาสตร์การแพทย์ และสุขภาพ
สถานะ=หนังสือเก่า
WB115 ว849ก ฉ.1 
  Barcode: 001878
ห้องสมุดวิทยาเขตสวรรค์ประชารักษ์
►ส่วนจัดเก็บหนังสือเก่า สปร
บนชั้น
  ขอยืม
2. วิทยาศาสตร์การแพทย์ และสุขภาพ
วิทยาศาสตร์การแพทย์ และสุขภาพ
สถานะ=หนังสือเก่า
WB115 ว849ก ฉ.2 
  Barcode: 001879
ห้องสมุดวิทยาเขตสวรรค์ประชารักษ์
►ส่วนจัดเก็บหนังสือเก่า สปร
บนชั้น
  ขอยืม
3. วิทยาศาสตร์การแพทย์ และสุขภาพ
วิทยาศาสตร์การแพทย์ และสุขภาพ
สถานะ=หนังสือเก่า
WB115 ว849ก ฉ.3 
  Barcode: 001880
ห้องสมุดวิทยาเขตสวรรค์ประชารักษ์
►ส่วนจัดเก็บหนังสือเก่า สปร
บนชั้น
  ขอยืม
4. วิทยาศาสตร์การแพทย์ และสุขภาพ
วิทยาศาสตร์การแพทย์ และสุขภาพ
สถานะ=หนังสือเก่า
WB115 ว849ก ฉ.4 
  Barcode: 001881
ห้องสมุดวิทยาเขตสวรรค์ประชารักษ์
►ส่วนจัดเก็บหนังสือเก่า สปร
บนชั้น
  ขอยืม
5. วิทยาศาสตร์การแพทย์ และสุขภาพ
วิทยาศาสตร์การแพทย์ และสุขภาพ
สถานะ=หนังสือเก่า
WB115 ว849ก ฉ.5 
  Barcode: 001882
ห้องสมุดวิทยาเขตสวรรค์ประชารักษ์
►ส่วนจัดเก็บหนังสือเก่า สปร
บนชั้น
  ขอยืม
6. วิทยาศาสตร์การแพทย์ และสุขภาพ
วิทยาศาสตร์การแพทย์ และสุขภาพ
สถานะ=หนังสือเก่า
WB115 ว849ก ฉ.6 
  Barcode: 001883
ห้องสมุดวิทยาเขตสวรรค์ประชารักษ์
►ส่วนจัดเก็บหนังสือเก่า สปร
บนชั้น
  ขอยืม

BibComment


ยังไม่เคยถูกคอมเมนท์

คอมเมนท์ทรัพยากรรายการนี้
  คอมเมนท์: การให้คำปรึกษาทา..


 Copyright 2026. Bcnsprnw @Library